| 000 | 00322nam a22001337a 4500 | ||
|---|---|---|---|
| 999 |
_c522787 _d522787 |
||
| 003 | NUST | ||
| 038 | _aTanveer | ||
| 082 |
_a526.9 _bSIN |
||
| 100 |
_aSingh, Gurcharan _913098 |
||
| 245 |
_aSurveying / _cGurcharan Singh |
||
| 260 |
_aNew Delhi. ; _bKhanna Publishers : _c2007. |
||
| 300 |
_a620p. : _c25cm. |
||
| 942 |
_2ddc _cBK |
||